Desarrollo de un simulador de sistemas de control PID universales en Labview
Na minha lista:
| Autor principal: | |
|---|---|
| Formato: | Livro |
| Publicado em: |
[San José, Costa Rica]
2010
|
| Assuntos: | |
| Tags: |
Adicionar Tag
Sem tags, seja o primeiro a adicionar uma tag!
|
MARC
| LEADER | 00000nam a2200000Ia 4500 | ||
|---|---|---|---|
| 003 | 010447 | ||
| 005 | 20221231144030.0 | ||
| 008 | 140114s2010 cr a 000 ||s d | ||
| 040 | |c cru CEDI | ||
| 090 | |a TFG 6330 | ||
| 100 | |a Calderón Mata, Angélica |9 2655 | ||
| 245 | |a Desarrollo de un simulador de sistemas de control PID universales en Labview | ||
| 260 | |c 2010 |b [San José, Costa Rica] | ||
| 500 | |a "IE - 0502 Proyecto Eléctrico" Proyecto de graduación (bachillerato en ingeniería eléctrica)--Universidad de Costa Rica. Facultad de Ingeniería. Escuela de Ingeniería Eléctrica | ||
| 650 | |x CONTROLADORES PID |x CONTROL AUTOMATICO |x CONTROLADORES LOGICOS PROGRAMABLES |x SISTEMAS DE CONTROL DIGITAL |9 677 | ||
| 942 | |c TFG | ||
| 999 | |c 15875 |d 15875 | ||
